000 01384nam a2200337 a 4500
001 000108769
003 CHAP
005 20220329144024.0
008 140311s2012 mx a sm |||||||spa d
010 _a105231
011 _a106203
040 _cCHAP
090 _aTesis
100 1 _aRogel Estrada, Miguel Ángel
_9125827
245 1 0 _aRespuesta fisiológica de inductores de resistencia en jitomate (L. esculentum Miller) bajo invernadero y su efecto en el control del tizón temprano (A. solani) en Coatepec Harinas, Estado de México.
_h[En línea]
_cpor Miguel Ángel Rogel Estrada.
260 _aChapingo, Méx. :
_bEl autor.,
_c2012.
500 _aPara ver el contenido del material haga clic en la liga
502 _aTesis (Ing. Agr. Esp. en Parasitología Agrícola) -- UACH. Departamento de Parasitología Agrícola
590 _aBATCH-UPD
_b05
_c20140324
_lUCH01
_h1536
590 _aBATCH-UPD
_b05
_c20141002
_lUCH01
_h0857
590 _aE5652GLJ
_b05
_c20140311
_lUCH01
_h0913
590 _aE5652GLJ
_b05
_c20140311
_lUCH01
_h0913
590 _aE5652GLJ
_b05
_c20141029
_lUCH01
_h1131
650 1 4 _aTizón temprano del tomate.
_9125828
650 1 4 _aTomate
_xCultivos en invernadero.
_9113704
650 1 4 _aTomate
_xEnfermedades.
_9113711
856 _aFinding aid
_uhttp://10.13.5.2/tesis/sist108769.pdf
_zTeclea aquí
901 _aBK
942 _cTESIS
942 _n0
999 _c105231
_d105231